| 000 | 01240cam a2200193 4500 | ||
|---|---|---|---|
| 001 | WB3843-09 | ||
| 008 | 021120n2002 000 0 eng u | ||
| 035 | _a(Sirsi) u120525 | ||
| 245 | _aHouse prices power ahead | ||
| 260 | _c2002 | ||
| 490 |
_aRICS Press Release _v(pr129) 20 November 2002, (2) |
||
| 520 | _aThe latest RICS housing survey for England and Wales for three months to October 2002 reveals house price rises running at more than double the long-term annual average of 10% and are expected to rise until year end. North of England sees the fastest rise - 81% compared with national figure of 54%. Average number of properties for sale per chartered surveyor/estate agent remains low at 63. Enquiries from potential purchasers fell in October. Price rise expectations are not maintained for sales.Survey is available at http://www.rics.org/downloads/market_survey/housing_oct02.pdf Press release at http://www.rics.org/ricscms/bin/show?class=PressRelease&template=/includes/showpr.html&id=839&faculty=RICS | ||
| 590 | _aWB | ||
| 650 | _aRICS MARKET SURVEYS | ||
| 650 | _aHOUSE PRICE INFLATION | ||
| 650 | _aHOUSING MARKET SURVEYS | ||
| 690 | _aPROPERTY-RESIDENTIAL PROPERTY-RESIDENTIAL PROPERTY MARKET | ||
| 942 | _n0 | ||
| 999 |
_c71604 _d71604 |
||